Motivation (Record no. 88583)

MARC details
000 -LEADER
fixed length control field 00542nam a2200205Ia 4500
005 - DATE AND TIME OF LATEST TRANSACTION
control field 20251118133059.0
008 - FIXED-LENGTH DATA ELEMENTS--GENERAL INFORMATION
fixed length control field 230125s9999 xx 000 0 und d
020 ## - INTERNATIONAL STANDARD BOOK NUMBER
International Standard Book Number 1-84112-209-2
041 ## - LANGUAGE CODE
Language code of text/sound track or separate title eng
082 ## - DEWEY DECIMAL CLASSIFICATION NUMBER
Classification number 158.1
Item number WHI
100 ## - MAIN ENTRY--PERSONAL NAME
Author Whiteley P
245 ## - TITLE STATEMENT
Title Motivation
260 ## - PUBLICATION, DISTRIBUTION, ETC.
Date of publication, distribution, etc. 2002
Name of publisher, distributor, etc. Capstone publication
Place of publication, distribution, etc. London
300 ## - PHYSICAL DESCRIPTION
Extent 116p
440 ## - SERIES STATEMENT/ADDED ENTRY--TITLE
Title Essential Management Thinking At Your Fingertips Series
500 ## - GENERAL NOTE
Keywords Personality Development,
700 ## - ADDED ENTRY--PERSONAL NAME
Personal name Whiteley P
942 ## - ADDED ENTRY ELEMENTS (KOHA)
Koha item type Books
906 ## - LOCAL DATA ELEMENT F, LDF (RLIN)
b 24
Holdings
Withdrawn status Lost status Damaged status Not for loan Home library Current library Date acquired Vendor Net Price Bill number Total Checkouts Full call number Barcode Date last seen Actual Price Bill Date Koha item type Original Barcode
        Smt. Hiraben Nanavati Institute of Management & Research for Women Smt. Hiraben Nanavati Institute of Management & Research for Women 28/04/2003 The Word Book Shop 160.00 15931   158.1 WHI B03466 HIMR-BK-3466 25/01/2023 136.00 10/04/2003 Books B03466